Test culture générale- 9 - Statistiques

Statistiques générales
  • Ce quiz a été pris 5 443 fois
  • Le résultat moyen est 7 sur 10
Statistiques - réponses
Questions Réponses % Correct
En quelle année Adolf Hitler accède-t-il au pouvoir en Allemagne? 1933
94%
« Et pourtant elle tourne! »: de quoi parle Galilée? De la Terre
94%
Quel est le plus grand État du monde? La Russie
89%
Dans quel film retrouve-t-on le personnage de Buzz l’éclair? Toy Story
87%
Quel est le nom de l’organe respiratoire des poissons? Les branchies
83%
En 2011, à la suite de quel événement à lieu l’accident nucléaire de Fukushima? Un séisme et un tsunami
67%
« Imagine there’s no heaven, It’s easy if you try... » sont des parole de...? John Lennon
54%
Quelle est l’œuvre la plus connue de Maurice Ravel? Le Boléro
49%
Qui a écrit Le portrait de Dorian Gray? Oscar Wilde
25%
Quel jour Louis-Napoléon Bonaparte fait un coup d’État (le jour, le mois et l’année sont attendus) 2 décembre 1851
8%
Aucun quiz correspondant
Distribution des résultats
% des personnes avec chaque résultat
Percentile par nombre de réponses
Votre historique - résultats
Vous n’avez pas pris ce quiz